00163nam a2200061Ia 4500245002300000100003700023008004100060 0aFinancial matters  a BURGER, M M. Pretoria, 1990 210825s9999 xx 000 0 und d